3 indices pour un hiver très froid ! - Statistiques

Statistiques générales
  • Ce quiz a été pris 15 fois
  • Le résultat moyen est 27 sur 62
Statistiques - réponses
Indice 1 Indice 2 Indice 3 ANNEE % Correct
François Mitterrand Affaire du Rainbow warrior Arrivée au pouvoir de Mikhaïl Gorbatchev 1985
100%
François Mitterrand Morts de Daniel Balavoine et Coluche Catastrophe de Tchernobyl 1986
100%
François Mitterrand Lundi noir à la bourse de New York Mort d'Andy Warhol 1987
100%
Nicolas Sarkozy Mort de la dernière survivante du Titanic Mort de Michael Jackson 2009
100%
Nicolas Sarkozy Jean Dujardin obtient l'Oscar du meilleur acteur Ouverture du Louvre-Lens 2012
100%
François Hollande / Emmanuel Macron Miss France élue Miss Univers Election d'Emmanuel Macron 2017
100%
Albert Lebrun Arrivée au pouvoir de Hitler Naissance de Dalida 1933
91%
Albert Lebrun Fin de la guerre d'Espagne Début de la 2e Guerre mondiale 1939
91%
Philippe Pétain L'Allemagne attaque l'URSS Le Japon attaque les Etats-Unis 1941
91%
Charles de Gaulle Crise des missiles de Cuba Indépendance de l'Algérie 1962
91%
Valéry Giscard d'Estaing Naissance du 1er bébé éprouvette Accords de Camp David 1978
91%
Raymond Poincaré Fin de la 1ère Guerre mondiale Mort de Guillaume Apollinaire 1918
82%
Gaston Doumergue Pacte Briand-Kellogg 1ères élections au suffrage universel masculin au Japon 1928
82%
Vincent Auriol Début de la guerre froide Partition de l'Allemagne 1947
82%
Vincent Auriol / René Coty Appel de l'Abbé Pierre Mort de Colette 1954
82%
Patrice de Mac Mahon / Jules Grévy Vote de la constitution spécifique pour l'Alsace-Lorraine annexée Naissance d'Albert Einstein 1879
73%
François-Marie Sadi-Carnot 1ère guerre du Dahomey Naissance de Charles de Gaulle 1890
73%
François-Marie Sadi-Carnot Visite de la flotte russe à Toulon Naissance de Mao Zedong 1893
73%
René Coty Indépendance du Maroc et de la Tunisie Insurrection de Budapest 1956
73%
Charles de Gaulle Début de la révolution culturelle en Chine Dernier concert des Beattles 1966
73%
Louis XVI Entrée en vigueur de la constitution américaine Grand incendie de Kyoto 1788
64%
Charles X Rédaction du Livre des Mormons Pie VIII est élu pape 1829
55%
Louis-Philippe Les Etats-Unis déclarent la guerre au Mexique Louis-Napoléon Bonaparte s'évade du fort de Ham 1846
55%
Louis XIV Bataille de Kahlenberg Naissance de Réaumur 1683
45%
Louis XIV Naissance de Vaucanson Fondation de Chihuahua 1709
45%
Louis XV Mort du maréchal de Saxe Dernière condamnation et exécution d'homosexuels en France 1750
45%
Louis XII Arrivée des premiers Portugais en Chine Mariage de Louis XII et Marie Tudor 1514
36%
Philippe 1er Siège de Gerberoy par Guillaume le Conquérant Nicéphore Botaniates devient empereur byzantin 1078
27%
Charles VII Fondation de l'université de Caen Abandon de la ville d'Angkor 1432
27%
Charles VII Création du parlement suédois Mort de la reine Isabeau de Bavière 1435
27%
Louis XII Traité de Tordesillas Mort de Christophe Colomb 1506
27%
François 1er Fondation de Coro au Venezuela Sac de Rome par les troupes de Charles-Quint 1527
27%
Henri II Fondation de l'université de Mexico Naissance du futur roi Henri III 1551
27%
Henri III Le christianisme est interdit au Japon Exécution de Marie Stuart 1587
27%
Louis VI Mariage de Louis VI et Adélaïde de Savoie Fondation de l'abbaye de Clairvaux 1115
18%
Philippe IV Guerres d'indépendance de l'Ecosse Traité de Paris entre la France et l'Angleterre 1303
18%
Charles V Mort de Bertrand Du Guesclin Sacre de Charles VI 1380
18%
Charles VI Assassinat de Louis d'Orléans, frère du roi Mort de Rainier II, premier souverain de Monaco 1407
18%
Charles VI Concile de Pise Les révoltés liégeois sont écrasés par le duc de Bourgogne 1408
18%
Charles VI 1er signalement des Tsiganes en France Mort du duc de Bourgogne, Jean sans Peur 1419
18%
Charles VII Fondation des hospices de Beaune Création de l'alphabet coréen 1443
18%
Charles VII François II devient duc de Bretagne Prise de Gênes pour le roi de France 1458
18%
Louis XI Création en France de la Ligue de Bien public Bataille de Montlhéry 1465
18%
Louis XI Grands jours d'Auvergne Mort du peintre Jean Fouquet 1481
18%
Charles VIII Mariage de Charles VIII et d'Anne de Bretagne Naissance du futur Henri VIII d'Angleterre 1491
18%
François 1er Jacques Cartier explore le Saint-Laurent Le parlement anglais annule le 1er mariage de Henri VIII 1534
18%
François 1er Pizzaro entre dans Lima Prise de Boulogne par Charles-Quint 1544
18%
Charles IX Grand siège de Malte Mort du pape Pie IV 1565
18%
Charles IX Bataille de Jarnac Création de la mappemonde de Mercator 1569
18%
Charles IX Les Turcs commencent l'occupation de Chypre Excommunication d'Elisabeth 1ère d'Angleterre 1570
18%
Charles IX Manille devient la capitale des Philippines Naissance du Caravage 1571
18%
Charles IX Henri d'Anjou est élu roi de Pologne Naissance de Marie de Médicis 1573
18%
Henri IV Découverte des iles Marquises Victoire de Fontaine-Française 1595
18%
Philippe II Prise de Damiette par les Croisés Les Franciscains s'installent à Paris 1219
9%
Louis IX Début du règne hors régence de Louis IX Expéditions mongoles en Europe 1236
9%
Philippe V Persécution des lépreux et des juifs en Aquitaine Mort de Dante Alighieri 1321
9%
Charles IV Canonisation de Thomas d'Aquin Révolte des Karls en Flandre 1323
9%
Philippe VI Fondation de Mexico Mort de Charles de France, frère de Philippe IV 1325
9%
Philippe VI Fondation de l'université de Grenoble SIège de Cambrai par Edouard III d'Angleterre 1339
9%
Jean II Réunion des états généraux à Compiègne Redécouverte de la loi Salique 1358
9%
Jean II Mort de Jean II à Londres Création du franc à pied 1364
9%
Louis VII Création de l'abbaye d'Hautecombe Abélard et Héloïse commencent à correspondre 1125
0%
Aucun quiz correspondant
Distribution des résultats
% des personnes avec chaque résultat
Percentile par nombre de réponses
Votre historique - résultats
Vous n’avez pas pris ce quiz